00484nam a2200145 a 4500008004100000020001500041050001500056100001700071245007200088260012100160300002000281350000900301650001900310650000900329101004s1995 ||||||||||||||||| || u a0962218103 aTA 420 Sia aSiau, John F10aWood: influence of moisture on physical propertiescby John F. Siau aNew York:bDepartment of Wood Science and Forest Products, Virginia Polytechnic institute and State Universityc1995 avii, 227p.: ill a0.00 aWOOD--MOISTURE aWOOD